000 00813nam a2200241 a 4500
005 20160106054538.0
008 140219b1989 ck ||||grabo 00| 0 spa d
040 _aCO-BoIAVH
_cCO-BoIAVH
041 0 _aspa
044 _ack
082 0 4 _a561.1
_bW13g
100 1 _aWagner, Roberto
_eAutor
245 1 _aGuía de Paleobotánica
_cJardín Botánico de Cordoba ; Autores Roberto Wagner & Carmen Alvarez-Vásquez
260 _aCórdoba :
_bJardín Botánico de Córdoba .
_c1989.
300 _a39 páginas :
_bIlustraciones, mapas, fotografías ;
_c24 x 17 cm.
650 0 6 _aPaleobotánica
650 0 6 _aMétodos de campo
650 0 6 _aGuías ambientales
650 0 6 _aFósiles
650 0 6 _aPaleoambiente
700 _aAlvarez- Vázquez, Carmen
942 _cLIBRO
_2ddc
999 _c220
_d220